Tường lửa: Dịch từ bản tiếng Pháp "Le Muraille invisible"

Nội dung sách hấp dẫn về tội ác và truy tìm tội ác trong thời đại công nghệ nối tiếp mạch chuyện về thanh tra Kurt Wallander mà tên tuổi đã gắn liền với Mankell từ năm 1990 với The Faceless Killess.

محفوظ في:
التفاصيل البيبلوغرافية
المؤلف الرئيسي: Mankell, Henning
التنسيق: كتاب
اللغة:Undetermined
منشور في: Đà Nẵng Nhà xuất bản Đà Nẵng 2007
الموضوعات:
الوسوم: إضافة وسم
لا توجد وسوم, كن أول من يضع وسما على هذه التسجيلة!
Thư viện lưu trữ: Trung tâm Học liệu Trường Đại học Cần Thơ
LEADER 00961nam a2200217Ia 4500
001 CTU_123503
008 210402s9999 xx 000 0 und d
020 |c 74000 
082 |a 839.73 
082 |b M266 
100 |a Mankell, Henning 
245 0 |a Tường lửa: 
245 0 |b Dịch từ bản tiếng Pháp "Le Muraille invisible" 
245 0 |c Henning Mankell; Cao Việt Dũng dịch 
260 |a Đà Nẵng 
260 |b Nhà xuất bản Đà Nẵng 
260 |c 2007 
520 |a Nội dung sách hấp dẫn về tội ác và truy tìm tội ác trong thời đại công nghệ nối tiếp mạch chuyện về thanh tra Kurt Wallander mà tên tuổi đã gắn liền với Mankell từ năm 1990 với The Faceless Killess. 
650 |a Sweden fiction,Detective and mystery stories 
904 |i Nguyên 
980 |a Trung tâm Học liệu Trường Đại học Cần Thơ